Chansons de Gims - Album Ceinture Noire (CD1 & CD2) - Statistiques

Statistiques générales
  • Ce quiz a été pris 14 fois
  • Le résultat moyen est 17 sur 31
Statistiques - réponses
Ordre dans l'album Chansons % Correct
19 Où aller
88%
03 Caméléon
75%
06 Loup-Garou
75%
15 Tu m'as dit
75%
28 Ana Fi Dar
63%
21 Anakin
63%
27 Corazon
63%
01 Intro
63%
05 La Même
63%
25 La nuit c'est fait pour dormir
63%
18 Le pire
63%
22 Malheur, malheur
63%
16 Oulala
63%
12 Tu ne le vois pas
63%
17 Bonita
50%
04 Fuegolando
50%
24 Gunshot
50%
13 Merci Maman
50%
09 Mi Gna
50%
23 Mon coeur meurtri
50%
29 Skyfall
50%
14 T'es partie
50%
26 Tu me l'avais promis
50%
10 Tu reviendras
50%
30 60 %
38%
31 Je n'ai rien promis
38%
08 Laissez-moi tranquille
38%
11 Nos valeurs
38%
02 Tant pis
38%
20 Tu m'as mis dans la merde
38%
07 Entre nous c'est mort
25%
Aucun quiz correspondant
Distribution des résultats
% des personnes avec chaque résultat
Percentile par nombre de réponses
Votre historique - résultats
Vous n’avez pas pris ce quiz